Difficult cardiology : (Record no. 4278)

000 -LEADER
fixed length control field 00813nam a2200277 a 4500
001 - CONTROL NUMBER
control field 010519636
003 - CONTROL NUMBER IDENTIFIER
control field ALUPE UNIVERSITY
005 - DATE AND TIME OF LATEST TRANSACTION
control field 20220321130205.0
008 - FIXED-LENGTH DATA ELEMENTS--GENERAL INFORMATION
fixed length control field 900208s1990 enka 001 0 eng d
015 ## - NATIONAL BIBLIOGRAPHY NUMBER
National bibliography number GB-9015019
020 ## - INTERNATIONAL STANDARD BOOK NUMBER
International Standard Book Number 1853170003
040 ## - CATALOGING SOURCE
Transcribing agency ALUPE UNIVERSITY
050 #0 - LIBRARY OF CONGRESS CALL NUMBER
Classification number RC681
Item number .D54 1990
080 ## - UNIVERSAL DECIMAL CLASSIFICATION NUMBER
Universal Decimal Classification number 616.12
082 ## - DEWEY DECIMAL CLASSIFICATION NUMBER
Classification number 616.12
Edition number 20
092 ## - LOCALLY ASSIGNED DEWEY CALL NUMBER (OCLC)
Classification number D0400909991
245 00 - TITLE STATEMENT
Title Difficult cardiology :
Remainder of title practical management and decision-making /
Statement of responsibility, etc. edited by Graham Jackson.
260 ## - PUBLICATION, DISTRIBUTION, ETC.
Place of publication, distribution, etc. London :
Name of publisher, distributor, etc. Dunitz,
Date of publication, distribution, etc. c1990.
300 ## - PHYSICAL DESCRIPTION
Extent 358 p. :
Other physical details ill. ;
Dimensions 26 cm.
504 ## - BIBLIOGRAPHY, ETC. NOTE
Bibliography, etc. note Includes bibliograpy and index.
650 #0 - SUBJECT ADDED ENTRY--TOPICAL TERM
Topical term or geographic name entry element Heart
General subdivision Diseases
650 #0 - SUBJECT ADDED ENTRY--TOPICAL TERM
Topical term or geographic name entry element Cardiology
700 1# - ADDED ENTRY--PERSONAL NAME
Personal name Jackson, Graham,
Titles and other words associated with a name FRCP
942 ## - ADDED ENTRY ELEMENTS (KOHA)
Source of classification or shelving scheme
Koha item type Book
Suppress in OPAC CM
Holdings
Withdrawn status Lost status Source of classification or shelving scheme Damaged status Not for loan Permanent Location Current Location Shelving location Date acquired Source of acquisition Total Checkouts Full call number Barcode Date last seen Price effective from Koha item type Public note
          AU LIBRARY AU LIBRARY Open Shelf 21.03.2022 DONATION FROM MOI UNIVERSITY   RC681 .D54 1990 28006215 21.03.2022 21.03.2022 Book CM

Powered by Koha